00602nam a2200193 a 450000100100000000500170001000800410002704000250006808200150009311000320010824000160014024500220015626000490017830000200022750000220024704900090026995201130027899900170039100001593620200929164217.0100222s1929 dr 001 0 spa d aDO-SdBNPbspacBNPHU axxxxbR4261 aRepública Dominicana944713aLeyes, etc.10aLey de caminos /. aSanto Domingo :bJ. R. Vda. García,c1929. a11 p. ;c25 cm. aEdición oficial aBNPD 0010718PDaPDbPDcCTd2010-02-22iLF1l0oxxxx R426p15936-10r2020-06-25w2020-06-25yLFPDZNo se presta c15478d15478